000 00679nam a22002177a 4500
003 OSt
005 20140310182354.0
008 131001t xxu||||| |||| 00| 0 eng d
020 _a0670836079
050 _aPZ 8.1
_b.W487Pe 1992
082 _aGS 398.21
_bW487 Pe 1992
245 _aPetrouchka /
_bthe story of the ballet /
_cillustrated by John Coller ; retold by Vivian Werner.
260 _aNew York :
_bViking,
_cc1992.
300 _a30 p. :
_bill, ;
_c26 cm.
541 _j1
562 _e1
650 _aFolklore
_xSoviet Union
_922295
650 _aBallets
_xStories ,plots,etc. )
_922296
650 _a1.Collier, John ,ill.
_922297
942 _2lcc
_cBK-GS
999 _c12460
_d12460